01249nam a22002177a 4500003000400000005001700004008004100021020001800062040001400080041000800094082001200102100002600114245006900140264004400209300006000253521063500313650001900948650001100967650002100978700003200999OSt20260326162402.0260326b ||||| |||| 00| 0 spa d a9788497869744 cCO-Mq BPB aspa aCbMOSc aMoss, Stephnieeautor aCuentos de unicornios;b7 cuentos,1 para cada día de la semana aMadrid - EspañabEdimat Libros,c2020 a48 páginas;bTapa dura, ilustraciones a color,c23 cm aCuentos de unicornios es una obra de literatura infantil que transporta a los lectores a un mundo mágico lleno de fantasía, color y aventuras. A través de relatos cortos, la autora presenta historias protagonizadas por unicornios, criaturas míticas que simbolizan la pureza, la amistad y la bondad. El libro invita a los niños a desarrollar su imaginación mientras descubren valores como la solidaridad, el respeto y la importancia de ayudar a los demás. Con un lenguaje sencillo y atractivo, esta obra se convierte en una lectura ideal para la primera infancia, fomentando el gusto por la lectura y la creatividad. aLa fantasía  aMagia  aLa imaginación aMartin, Marinaeilustradora